| 000 | 01102nas a2200349 4500 | ||
|---|---|---|---|
| 001 | BR0204363 | ||
| 003 | BR-BrBNA | ||
| 005 | 20231205103218.0 | ||
| 007 | ta | ||
| 008 | 230509b bl.|||p| |||| 00| 00por d | ||
| 040 |
_aBR-BrBNA _bpor _cBiblioteca Nacional de Agricultura |
||
| 041 | _a(Pt) | ||
| 072 | _aL51; Q54 | ||
| 100 | 1 | _aSilveira, R.N. da | |
| 100 | 1 | _aBerchielli, T.T. | |
| 100 | 1 | _aFreitas, D. de | |
| 100 | 1 | _aSalman, A.K.D. | |
| 100 | 1 | _aAndrade, P. de | |
| 100 | 1 | _aPires, A.V. | |
| 100 | 1 | _aFernandes, J.J. de R. | |
| 245 | 1 | _aFermentação e degradabilidade ruminal em bovinos alimentados com resíduos de mandioca e cana-de-açúcar ensilados com polpa cítrica peletizada | |
| 650 | _aBOVINO | ||
| 650 | _aNUTRIÇÃO ANIMAL | ||
| 650 | _aRESÍDUO ORGÂNICO | ||
| 650 | _aMANDIOCA | ||
| 650 | _aCANA DE AÇÚCAR | ||
| 650 | _aENSILAGEM | ||
| 650 | _aDIGESTIBILIDADE | ||
| 773 | 0 |
_tRevista Brasileira de Zootecnia (Brazil) _xISSN 1516-3598 _g(Mar-Apr 2002), v. 31(29) p. 793-801 _wBR0204363 |
|
| 909 |
_a202311 _bLúcia _c55 _dLúcia Elande |
||
| 942 |
_2AGRIS _n0 _cANA |
||
| 999 |
_c171682 _d171682 |
||